La Presse Canadienne

Bibliographic Details
Format: Journal
Language:French
Published: Toronto, ON : The Canadian Press, 1917-
Subjects:
Online Access:http://www.vlex.com/source/7316

MARC

LEADER 00000nas a22000007a 4500
005 20130325184932.0
007 cr|||| ||||
008 130325c19179999xxc u|p s|||| 0|||b1fre d
035 |a 7316 
040 |a vLex 
090 |c 4018  |d 4018 
245 0 3 |a La Presse Canadienne  |h [Recurso electrn̤ico] 
256 |a Servicio en ln̕ea 
260 |a Toronto, ON :  |b The Canadian Press,  |c 1917- 
300 |a 1 Recurso electrn̤ico 
506 |d vLex Global  |d vLex Global (Academic Edition, excluding Law Schools)  |d vLex Global (U.S. Academic Edition, Law Schools)  |d vLex Global (U.S. Academic Edition, excluding Law Schools)  |d vLex Global (Academic Edition, Law Schools) 
650 0 4 |a Informacin̤ general  |v Revistas  |z Canad̀ 
740 |a vLex Revistas (Servicio en ln̕ea) 
856 |a Acceso restringido  |u http://www.vlex.com/source/7316 
942 |c REV 
999 0 |a News